It's payback time (Record no. 79901)

MARC details
000 -LEADER
fixed length control field 01261cab a22002295a 4500
001 - CONTROL NUMBER
control field L142661
008 - FIXED-LENGTH DATA ELEMENTS--GENERAL INFORMATION
fixed length control field 080227e20080223xxk f 000 0 eng d
035 ## - SYSTEM CONTROL NUMBER
System control number (Sirsi) u142661
041 0# - LANGUAGE CODE
Language code of text/sound track or separate title eng
100 1# - MAIN ENTRY--PERSONAL NAME
Personal name Dixon, Tim
245 00 - TITLE STATEMENT
Title It's payback time
260 ## - PUBLICATION, DISTRIBUTION, ETC.
Date of publication, distribution, etc. 2008
490 ## - SERIES STATEMENT
Series statement Estates Gazette
Volume/sequential designation (0807) 23 February 2008, 132-134(3)
520 ## - SUMMARY, ETC.
Summary, etc. Considers the likelihood of the government's Energy Performance Certificate (EPC) scheme achieving its reduction targets. Focuses on the issue of payback periods. Questions why RICS-sponsored research is at odds with government and housing association views on the amount of time required for homeowners to recoup any outlay. Notes a number of different methods of calculation, including the RICS' failure to apply the 5% VAT rate to all energy efficient installations. Notes that this may be the correct view to take. Also notes that savings made in fuel bills by homeowners may go to buy more goods, in turn raising emissions.
590 ## - LOCAL NOTE (RLIN)
Local note KA
650 24 - SUBJECT ADDED ENTRY--TOPICAL TERM
Topical term or geographic name entry element RESIDENTIAL ENERGY PERFORMANCE CERTIFICATES
650 24 - SUBJECT ADDED ENTRY--TOPICAL TERM
Topical term or geographic name entry element HOME INFORMATION PACKS
651 #4 - SUBJECT ADDED ENTRY--GEOGRAPHIC NAME
Geographic name United Kingdom
Chronological subdivision
690 ## - LOCAL SUBJECT ADDED ENTRY--TOPICAL TERM (OCLC, RLIN)
Topical term or geographic name as entry element ENVIRONMENTAL AND LAND CONSULTANCY-ENERGY-ENERGY USE-ENERGY EFFICIENCY
700 1# - ADDED ENTRY--PERSONAL NAME
Personal name Gupta, Rajat
942 ## - ADDED ENTRY ELEMENTS (KOHA)
Suppress in OPAC 0
Holdings
Withdrawn status Lost status Source of classification or shelving scheme Damaged status Not for loan Home library Current library Shelving location Date acquired Total Checkouts Full call number Barcode Date last seen Copy number Price effective from Koha item type
    Dewey Decimal Classification     London London Journal article 27/02/2008   L142661 142661-1001 06/08/2019 1 06/08/2019 Journal article